000
00302nam a22001337a 4500
008
181001b xxu||||| |||| 00| 0 eng d
020
_a
9780198662129
041
_a
eng
080
_a
781
100
_a
45
101
_a
MUS
245
_a
The Oxford Companion To Music
_c
Alison.L
942
_2
udc
_c
BK
999
_c
48722
_d
48722